000 01595cam a2200397 i 4500
999 _c329898
_d329898
001 17646851
003 NUST
005 20180117090026.0
008 130304s2014 nyua b 001 0 eng
010 _a 2013008502
020 _a9780415989138 (hardback)
020 _a9780415989145 (paperback)
020 _a9780203930434 (ebook)
040 _aDLC
_beng
_cDLC
_erda
_dDLC
042 _apcc
050 0 0 _aP91
_b.S46 2014
082 0 0 _a302.23
_223
100 1 _aShoemaker, Pamela J.,
_eauthor.
_91589
240 1 0 _aMediating the message
245 1 0 _aMediating the message in the 21st century :
_ba media Sociology perspective /
_cPamela J. Shoemaker and Stephen D. Reese.
246 3 _aMediating the message in the twenty-first century
250 _aThird edition.
264 1 _aNew York :
_bRoutledge/Taylor & Francis Group,
_c2014.
300 _axix, 287 pages :
_billustrations ;
_c24 cm
336 _atext
_2rdacontent
337 _aunmediated
_2rdamedia
338 _avolume
_2rdacarrier
504 _aIncludes bibliographical references (pages 247-271) and index.
650 0 _aMass media.
_9116
650 0 _aContent analysis (Communication)
_91590
700 1 _aReese, Stephen D.,
_eauthor.
_91591
906 _a7
_bcbc
_corignew
_d1
_eecip
_f20
_gy-gencatlg
942 _2ddc
_cBK